00428 2200157 4500001002100000008004100021035002000062245005500082100002300137260003200160300002200192020002200214084001400236082000800250990001200258INLIS000000000002759 IND  a0010-0925000106 aRomace Story: Sebuah PenantiancSeptia Khoirunnisa aSeptia Khoirunnisa aJakartabRumah Oranyec2013 a256c(13 x 19 cm) a978-602-1588-01-7 a813 SEP r a813 a0754981